| 000 | 00000nam 2200000za 4500 |
| 001 | 9.686725 |
| 003 | CaOODSP |
| 005 | 20210624230651 |
| 007 | cr ||||||||||| |
| 008 | 150407|2003||||xxc|||||o f|0| 0 eng d |
| 040 | |aCaOODSP|beng |
| 043 | |an-cn--- |
| 086 | 1 |aA22-355/2003E-PDF1 |
| 110 | 1 |aCanada. |bAgriculture and Agri-Food Canada. |
| 245 | 10|aGreencover Canada's land conversion component : |h[electronic resource] |bconverting environmentally sensitive land to perennial cover |
| 260 | |aOttawa - Ontario : |bAgriculture and Agri-Food Canada |cc2003. |
| 300 | |a12p.|bill. |
| 500 | |aHistorical publication digitized by Agriculture and Agri-Food Canada. |
| 590 | |a14-11-Supp|b2014-05-21 |
| 690 | 07|aLand management|2gcpds |
| 690 | 07|aAgricultural policy|2gcpds |
| 690 | 07|aEnvironmental protection|2gcpds |
| 775 | 08|tProgramme de couverture végétale du Canada - volet de conversion des terres : |w(CaOODSP)9.631188 |
| 776 | 0#|tGreencover Canada's land conversion component : |w(CaOODSP)9.649034 |
| 856 | 40|ahttp://publications.gc.ca|qPDF|s679 KB|uhttps://publications.gc.ca/collections/collection_2014/aac-aafc/agrhist/A22-355-2003-eng.pdf |
| 986 | |a2188E |